[Event "20th Reykjavik op"]
[Site "Reykjavik ISL"]
[Date "2002.03.11"]
[Round "5"]
[White "Edvardsson, Kristjan"]
[Black "Asmundsson, Ingvar"]
[Result "1/2-1/2"]
[WhiteElo "2239"]
[BlackElo "2347"]
[EventDate "2002.03.07"]
[PlyCount "44"]

1.d4 d5 2.c4 c6 3.Nf3 Nf6 4.Qc2 e6 5.g3 Ne4 6.Nbd2 f5 7.Bg2 Nd7 8.O-O Be7 
9.b3 O-O 10.Bb2 Qe8 11.Ne5 Nxe5 12.dxe5 b6 13.cxd5 exd5 14.Nxe4 fxe4 15.
Rac1 Bd7 16.f3 Bc5+ 17.Kh1 e3 18.Qc3 d4 19.Qc4+ Be6 20.Qd3 Bf5 21.Qc4+ Be6
22.Qd3 Bf5 1/2-1/2

[Event "20th Reykjavik op"]
[Site "Reykjavik ISL"]
[Date "2002.03.11"]
[Round "5"]
[White "Gretarsson, Helgi Ass"]
[Black "Korneev, Oleg"]
[Result "1-0"]
[WhiteElo "2520"]
[BlackElo "2568"]
[EventDate "2002.03.07"]
[PlyCount "80"]

1.d4 d5 2.c4 e6 3.Nf3 Nf6 4.g3 dxc4 5.Bg2 a6 6.O-O Nc6 7.Nc3 Rb8 8.e4 b5 
9.d5 Nb4 10.b3 cxb3 11.Qxb3 c5 12.dxc6 Nxc6 13.Bf4 Rb7 14.e5 Na5 15.Qc2 
Nd5 16.Nxd5 exd5 17.e6 Bxe6 18.Nd4 Be7 19.Rfe1 O-O 20.Nxe6 fxe6 21.Rxe6 
Rf6 22.Rd1 Rxe6 23.Bxd5 Qd7 24.Qf5 Kh8 25.Qxe6 Qxe6 26.Bxe6 Nc4 27.h4 h5 
28.Bf7 Bf6 29.Bxh5 Kh7 30.Bf3 Re7 31.h5 b4 32.Rd5 Bc3 33.Bd1 Ne5 34.Bc2+ 
Kg8 35.Rd8+ Kf7 36.Kg2 Kf6 37.Bb3 g5 38.Rd6+ Kf5 39.Bc2+ Kg4 40.Bd1+ Kf5 
1-0

[Event "20th Reykjavik op"]
[Site "Reykjavik ISL"]
[Date "2002.03.11"]
[Round "5"]
[White "Hagesaether, Ellen"]
[Black "Shahade, Jennifer"]
[Result "0-1"]
[WhiteElo "2102"]
[BlackElo "2302"]
[EventDate "2002.03.07"]
[PlyCount "80"]

1.e4 c5 2.d3 Nc6 3.Nf3 g6 4.Nbd2 Bg7 5.g3 e5 6.Bg2 Nge7 7.O-O O-O 8.c3 d6 
9.a3 a5 10.a4 h6 11.Nc4 Be6 12.Nfd2 Rb8 13.Na3 f5 14.Nb5 Kh7 15.exf5 Nxf5 
16.Qe2 Qd7 17.h4 d5 18.Re1 Rf7 19.h5 g5 20.Nf3 Nfe7 21.Nh2 Rbf8 22.Be3 d4 
23.cxd4 cxd4 24.Bd2 Rxf2 25.Qxf2 Rxf2 26.Kxf2 Bf5 27.Be4 Bxe4 28.dxe4 g4 
29.Kg2 Ng8 30.Rab1 Nf6 31.Nf1 Nxh5 32.b4 axb4 33.Bxb4 Qf7 34.Bd2 Qf3+ 35.
Kg1 Nxg3 36.Nd6 Nxf1 37.Rxf1 Qg3+ 38.Kh1 Qh3+ 39.Kg1 g3 40.Rf7 Qh2+ 0-1

[Event "20th Reykjavik op"]
[Site "Reykjavik ISL"]
[Date "2002.03.11"]
[Round "5"]
[White "Halldorsson, Halldor"]
[Black "Schubert, Hans-Joachim"]
[Result "0-1"]
[WhiteElo "2149"]
[BlackElo "2005"]
[EventDate "2002.03.07"]
[PlyCount "70"]

1.e4 e5 2.Nf3 Nc6 3.Bb5 a6 4.Ba4 d6 5.c3 Bd7 6.d4 Qe7 7.O-O g6 8.Re1 Bg7 
9.d5 Nb8 10.Bxd7+ Nxd7 11.c4 Nh6 12.Nc3 O-O 13.h3 f6 14.Be3 Nf7 15.Nd2 Bh6
16.Nf1 Bxe3 17.Nxe3 b6 18.a4 a5 19.Nc2 Nc5 20.b4 axb4 21.Nxb4 Qd7 22.Ra3 
f5 23.f3 fxe4 24.fxe4 Ng5 25.Qd2 h6 26.Rea1 Rf4 27.Nd3 Nxd3 28.Qxd3 Raf8 
29.Qe2 Nxh3+ 30.Kh2 Rh4 31.Kg3 Rff4 32.Kh2 Nf2+ 33.Kg3 Nh1+ 34.Rxh1 Rxh1 
35.Nd1 Qe7 0-1

[Event "20th Reykjavik op"]
[Site "Reykjavik ISL"]
[Date "2002.03.11"]
[Round "5"]
[White "Halldorsson, Jon Arni"]
[Black "Paasikangas, Johanna"]
[Result "0-1"]
[WhiteElo "2181"]
[BlackElo "2300"]
[EventDate "2002.03.07"]
[PlyCount "76"]

1.d4 d5 2.c4 c6 3.Nf3 Nf6 4.cxd5 cxd5 5.Nc3 Nc6 6.Bf4 e6 7.e3 Bd6 8.Bg3 
O-O 9.Rc1 Re8 10.Bd3 Bxg3 11.hxg3 e5 12.dxe5 Nxe5 13.Nxe5 Rxe5 14.Rh4 Bd7 
15.Be2 Bc6 16.Rd4 Qe7 17.Bf3 Qe6 18.Qb3 g5 19.Rcd1 Rd8 20.g4 Rd7 21.Kf1 
Kg7 22.Ne2 a6 23.Nc3 h5 24.e4 dxe4 25.Qxe6 Rxe6 26.Rxd7 exf3 27.R7d6 fxg2+
28.Kg1 Nxg4 29.Rxe6 fxe6 30.Re1 h4 31.Ne4 h3 32.f3 Ne5 33.Nxg5 Kf6 34.f4 
Ng4 35.Nxh3 e5 36.fxe5+ Nxe5 37.Re2 Kf5 38.Rf2+ Kg4 0-1

[Event "20th Reykjavik op"]
[Site "Reykjavik ISL"]
[Date "2002.03.11"]
[Round "5"]
[White "Hillarp Persson, Tiger"]
[Black "Gunnarsson, Arnar"]
[Result "1/2-1/2"]
[WhiteElo "2456"]
[BlackElo "2322"]
[EventDate "2002.03.07"]
[PlyCount "111"]

1.d4 f5 2.Nc3 Nf6 3.Bg5 e6 4.e4 fxe4 5.Nxe4 Be7 6.Bxf6 Bxf6 7.f4 b6 8.Nf3 
Bb7 9.Bd3 Qe7 10.c3 Nc6 11.Qe2 h6 12.O-O O-O-O 13.Ba6 g5 14.Ne5 Bxe5 15.
fxe5 d6 16.exd6 cxd6 17.Rf6 Bxa6 18.Qxa6+ Kc7 19.Re1 Rdf8 20.Rxf8 Rxf8 21.
b4 Kb8 22.a4 Qf7 23.Qe2 Kc7 24.h3 Ne7 25.a5 Nc8 26.axb6+ axb6 27.Ra1 Qd7 
28.Nf2 Kb8 29.Re1 Qc6 30.c4 Rf4 31.b5 Qc7 32.Rd1 d5 33.cxd5 exd5 34.Ng4 
Re4 35.Qd2 Qc4 36.Ne5 Qxb5 37.Kh1 Rf4 38.Qe1 Kb7 39.Kh2 Qa4 40.Qd2 Nd6 41.
Qd3 Nf5 42.Rc1 Qxd4 43.Qc2 Qc5 44.Qd1 Ne3 45.Rxc5 Nxd1 46.Rxd5 Ne3 47.Rd7+
Ka6 48.Rd6 Rf2 49.Rxh6 Rxg2+ 50.Kh1 Rg3 51.Nd7 Kb7 52.Nxb6 Nf5 53.Rf6 Nh4 
54.Kh2 Rg2+ 55.Kh1 Rg3 56.Kh2 1/2-1/2

[Event "20th Reykjavik op"]
[Site "Reykjavik ISL"]
[Date "2002.03.11"]
[Round "5"]
[White "Holmsten, Aleksei"]
[Black "Jonasson, Benedikt"]
[Result "1-0"]
[WhiteElo "2420"]
[BlackElo "2267"]
[EventDate "2002.03.07"]
[PlyCount "113"]

1.e4 c5 2.Nf3 Nc6 3.d4 cxd4 4.Nxd4 g6 5.Be3 Bg7 6.Nc3 Nf6 7.Bc4 O-O 8.f3 
d6 9.Qd2 Nd7 10.O-O-O Nb6 11.Bb3 Na5 12.Qe2 Bd7 13.h4 Rc8 14.h5 Nbc4 15.
hxg6 fxg6 16.Bg5 Nxb3+ 17.cxb3 Ne5 18.Bh6 Rf7 19.Bxg7 Kxg7 20.Kb1 Qa5 21.
Qe3 Nc6 22.Nd5 Nb4 23.Nc3 e5 24.Nde2 Qc5 25.Qh6+ Kg8 26.a3 a5 27.Rd2 Na6 
28.Nd5 Be6 29.Rc1 Qb5 30.Rxc8+ Bxc8 31.Qg5 Kg7 32.Qd8 Bd7 33.Ndc3 Qc6 34.
Qxa5 Nc5 35.Nc1 Be6 36.Qb4 b6 37.Nd5 Bxd5 38.Rxd5 Rc7 39.Qd2 Rd7 40.b4 Ne6
41.Ne2 Nc7 42.Rd3 d5 43.exd5 Rxd5 44.Nc3 Rxd3 45.Qxd3 h5 46.b5 Qc5 47.Qd7+
Kh6 48.Qd8 Kg7 49.Ne4 Qc4 50.Qf6+ Kg8 51.Qxg6+ Kf8 52.Qf6+ Kg8 53.Qg6+ Kf8
54.Qf5+ Kg8 55.Nf6+ Kg7 56.Nxh5+ Kg8 57.Qg6+ 1-0

[Event "20th Reykjavik op"]
[Site "Reykjavik ISL"]
[Date "2002.03.11"]
[Round "5"]
[White "Ingolfsdottir, Harpa"]
[Black "Jiretorn, Eva"]
[Result "0-1"]
[WhiteElo "2053"]
[BlackElo "2112"]
[EventDate "2002.03.07"]
[PlyCount "80"]

1.e4 c5 2.Nf3 d6 3.d4 cxd4 4.Nxd4 Nf6 5.Nc3 g6 6.Be3 Bg7 7.f3 O-O 8.Qd2 
Nc6 9.O-O-O Bd7 10.g4 Qa5 11.h4 h5 12.Nb3 Qd8 13.gxh5 Nxh5 14.Be2 a5 15.
Rdg1 a4 16.Nd4 a3 17.b3 Rc8 18.Nd5 e6 19.Nxc6 Rxc6 20.Nf4 Qf6 21.Kd1 Nxf4 
22.Bxf4 Qa1+ 23.Qc1 Qxa2 24.Bd3 Qb2 25.e5 dxe5 26.Bh6 Qxc1+ 27.Bxc1 e4 28.
Bxe4 a2 29.Bb2 Bxb2 30.Ke2 Ra6 31.h5 a1=Q 32.hxg6 Qxg1 33.Rxg1 f5 34.Bd3 
Rd6 35.Rb1 Bf6 36.c4 Ra6 37.Rh1 Bc6 38.Rh7 Bd4 39.b4 Ra2+ 40.Kf1 Bxf3 0-1

[Event "20th Reykjavik op"]
[Site "Reykjavik ISL"]
[Date "2002.03.11"]
[Round "5"]
[White "Johannesson, Ingvar Thor"]
[Black "Thorsteinsson, Erlingur"]
[Result "1/2-1/2"]
[WhiteElo "2267"]
[BlackElo "2142"]
[EventDate "2002.03.07"]
[PlyCount "88"]

1.f4 e6 2.Nf3 b6 3.g3 Bb7 4.Bg2 c5 5.O-O Be7 6.e3 Qc7 7.b3 Bf6 8.d4 d6 9.
c3 Nd7 10.Bb2 Nh6 11.Nbd2 Rc8 12.Qe2 O-O 13.e4 g6 14.h3 Bg7 15.g4 f5 16.
gxf5 gxf5 17.Ng5 Rfe8 18.e5 Bxg2 19.Kxg2 cxd4 20.cxd4 dxe5 21.dxe5 Qb7+ 
22.Qf3 Qxf3+ 23.Ndxf3 Nf7 24.Rac1 Rxc1 25.Rxc1 Nc5 26.Nxf7 Kxf7 27.Ba3 Bf8
28.Rd1 h6 29.Ng1 Be7 30.Bxc5 Rg8+ 31.Kf3 Bxc5 32.Ne2 Ke7 33.Ng3 Rd8 34.
Rxd8 Kxd8 35.Nh5 Kd7 36.Ke2 Kc6 37.Kd3 a5 38.a4 Kd7 39.Ng3 Bf2 40.Ne2 h5 
41.Kc4 Kc6 42.Nc3 Be3 43.Ne2 Bf2 44.Nc3 Be3 1/2-1/2

[Event "20th Reykjavik op"]
[Site "Reykjavik ISL"]
[Date "2002.03.11"]
[Round "5"]
[White "Kjartansson, David"]
[Black "Gudmundsson, Kjartan"]
[Result "1-0"]
[WhiteElo "2235"]
[BlackElo "2034"]
[EventDate "2002.03.07"]
[PlyCount "57"]

1.f4 d6 2.Nf3 Nf6 3.g3 g6 4.Bg2 Bg7 5.O-O O-O 6.c3 Bg4 7.d3 c6 8.Kh1 Qd7 
9.e4 e5 10.Qc2 Nh5 11.fxe5 dxe5 12.Be3 f5 13.Bc5 Rd8 14.Ng5 h6 15.Qb3+ Kh8
16.Nf7+ Kh7 17.Nxd8 Qxd8 18.exf5 gxf5 19.Qxb7 Nd7 20.Be7 Qe8 21.Bxc6 Nxg3+
22.hxg3 Qh5+ 23.Bh4 Rb8 24.Qxd7 Rxb2 25.Na3 e4 26.Kg1 Bh3 27.Bxe4 Qe2 28.
Bxf5+ Kg8 29.Qd5+ 1-0

[Event "20th Reykjavik op"]
[Site "Reykjavik ISL"]
[Date "2002.03.11"]
[Round "5"]
[White "Kjartansson, Gudmundur"]
[Black "Bjarnason, Saevar"]
[Result "1/2-1/2"]
[WhiteElo "2060"]
[BlackElo "2256"]
[EventDate "2002.03.07"]
[PlyCount "94"]

1.d4 d5 2.Bg5 c6 3.e3 Qb6 4.b3 Bf5 5.Bd3 Bxd3 6.Qxd3 Nd7 7.Nf3 e6 8.O-O 
Ngf6 9.Nfd2 g6 10.c4 Bg7 11.c5 Qc7 12.Nc3 Ng4 13.f4 f5 14.b4 b6 15.h3 Ngf6
16.Bxf6 Bxf6 17.Nf3 O-O 18.Qc2 a5 19.a3 Ra7 20.Qb2 Rb8 21.Qc2 Rba8 22.Qb2 
Qb7 23.Rfb1 bxc5 24.bxc5 Qxb2 25.Rxb2 Nxc5 26.Rb6 Rc7 27.dxc5 Bxc3 28.Rc1 
Bf6 29.Nd4 Re8 30.Nxc6 e5 31.fxe5 Bxe5 32.Nxe5 Rxe5 33.Kf2 Re4 34.c6 Kf7 
35.Rb7 Ree7 36.Rb5 Ke6 37.Rxa5 Kd6 38.Rcc5 Re5 39.Kf3 g5 40.g4 h6 41.gxf5 
Rxf5+ 42.Kg3 Re5 43.e4 Rxe4 44.Rxd5+ Kxc6 45.Rdc5+ Kd7 46.Rxc7+ Kxc7 47.
Ra6 h5 1/2-1/2

[Event "20th Reykjavik op"]
[Site "Reykjavik ISL"]
[Date "2002.03.11"]
[Round "5"]
[White "Lobron, Eric"]
[Black "Thorfinnsson, Bragi"]
[Result "0-1"]
[WhiteElo "2517"]
[BlackElo "2360"]
[EventDate "2002.03.07"]
[PlyCount "68"]

1.Nf3 Nf6 2.c4 e6 3.d4 b6 4.Nc3 Bb4 5.Bg5 Bb7 6.e3 h6 7.Bh4 g5 8.Bg3 Ne4 
9.Qc2 Bxc3+ 10.bxc3 d6 11.Bd3 f5 12.d5 exd5 13.Nd4 Qf6 14.cxd5 Bxd5 15.f3 
Nxg3 16.hxg3 Nd7 17.Bxf5 O-O-O 18.Kf2 Kb8 19.a4 a5 20.Be4 Qe5 21.Bxd5 Qxd5
22.Rab1 Rde8 23.Rb5 Qc4 24.Rhb1 Ne5 25.Kg1 g4 26.Rxa5 gxf3 27.gxf3 Rhg8 
28.Qh7 Nc6 29.Rab5 Nxd4 30.cxd4 Qe2 31.g4 Qxf3 32.Rxb6+ cxb6 33.Rxb6+ Kc8 
34.Qc2+ Kd7 0-1

[Event "20th Reykjavik op"]
[Site "Reykjavik ISL"]
[Date "2002.03.11"]
[Round "5"]
[White "Petursson, Gudni"]
[Black "Arnarsson, Hrannar"]
[Result "1/2-1/2"]
[WhiteElo "2112"]
[BlackElo "2035"]
[EventDate "2002.03.07"]
[PlyCount "39"]

1.d4 g6 2.c4 Bg7 3.Nc3 d6 4.e4 Nd7 5.f4 e5 6.fxe5 dxe5 7.d5 Nh6 8.Bd3 O-O 
9.Nf3 Qe7 10.Qe2 f6 11.a3 a5 12.Be3 Ng4 13.Bg1 Nc5 14.Bc2 f5 15.h3 Nh6 16.
Rd1 Bd7 17.Bf2 fxe4 18.Nxe4 Nxe4 19.Bxe4 Nf5 20.O-O 1/2-1/2

[Event "20th Reykjavik op"]
[Site "Reykjavik ISL"]
[Date "2002.03.11"]
[Round "5"]
[White "Ragnarsson, Johann"]
[Black "Hardarson, Robert"]
[Result "0-1"]
[WhiteElo "2118"]
[BlackElo "2298"]
[EventDate "2002.03.07"]
[PlyCount "50"]

1.d4 Nf6 2.c4 c5 3.d5 b5 4.Nf3 g6 5.Nc3 b4 6.Nb1 Bg7 7.Nbd2 O-O 8.e4 d6 9.
h3 a5 10.a3 Ba6 11.Be2 Nbd7 12.O-O Nb6 13.Ne1 e6 14.f4 exd5 15.cxd5 c4 16.
axb4 axb4 17.Rxa6 Rxa6 18.Nxc4 Ra8 19.Qc2 Re8 20.Bf3 Nxc4 21.Qxc4 Qb6+ 22.
Kh1 Rac8 23.Qd3 Rxc1 24.e5 dxe5 25.d6 e4 0-1

[Event "20th Reykjavik op"]
[Site "Reykjavik ISL"]
[Date "2002.03.11"]
[Round "5"]
[White "Schmied, Andreas"]
[Black "Einarsson, Einar Kristinn"]
[Result "1/2-1/2"]
[WhiteElo "2142"]
[BlackElo "2107"]
[EventDate "2002.03.07"]
[PlyCount "94"]

1.d4 d5 2.Nf3 c6 3.c4 e6 4.Qc2 f5 5.g3 Nf6 6.Bg2 Bd6 7.O-O O-O 8.b3 Qe7 9.
Bb2 Ne4 10.Ne5 Nd7 11.Nd2 Nxe5 12.dxe5 Bc5 13.Rac1 b6 14.cxd5 Nxd2 15.Qxd2
exd5 16.Kh1 Bb7 17.e3 a5 18.a4 Rfd8 19.Rfd1 Rac8 20.f4 Bb4 21.Qd4 Bc5 22.
Qd2 Ba3 23.Qd4 Bxb2 24.Qxb2 c5 25.Qe2 d4 26.exd4 cxd4 27.Rxc8 Bxc8 28.Qb5 
Qc5 29.Kg1 Be6 30.Qd3 g6 31.Kf2 Qb4 32.Bc6 Qxb3 33.Qxb3 Bxb3 34.Rd2 Rc8 
35.Bb5 Rd8 36.Ke2 Kf7 37.Kd3 Ke6 38.Rb2 Bd1 39.Bc4+ Ke7 40.Rxb6 Bf3 41.Ra6
Be4+ 42.Kd2 Rc8 43.Ra7+ Kf8 44.Bb5 Rc2+ 45.Kd1 Rxh2 46.e6 Rh1+ 47.Kd2 Rh2+
1/2-1/2

[Event "20th Reykjavik op"]
[Site "Reykjavik ISL"]
[Date "2002.03.11"]
[Round "5"]
[White "Sigfusson, Sigurdur"]
[Black "Bjornsson, Tomas"]
[Result "1/2-1/2"]
[WhiteElo "2351"]
[BlackElo "2248"]
[EventDate "2002.03.07"]
[PlyCount "41"]

1.e4 e6 2.d3 d5 3.Nd2 b6 4.g3 Bb7 5.Bg2 Nd7 6.Qe2 dxe4 7.dxe4 g6 8.Ngf3 
Bg7 9.O-O Ne7 10.Nc4 O-O 11.Bg5 h6 12.Bd2 Nc5 13.Rad1 Qe8 14.Bb4 Qb5 15.
Ba3 Nc6 16.b3 Na5 17.Nfd2 Rfd8 18.Qe3 Nxc4 19.Nxc4 e5 20.Bxc5 Qxc5 21.Qxc5
1/2-1/2

[Event "20th Reykjavik op"]
[Site "Reykjavik ISL"]
[Date "2002.03.11"]
[Round "5"]
[White "Stefansson, Hannes Hlifar"]
[Black "Olafsson, Helgi"]
[Result "1-0"]
[WhiteElo "2604"]
[BlackElo "2474"]
[EventDate "2002.03.07"]
[PlyCount "90"]

1.e4 e5 2.Nf3 Nf6 3.Nxe5 d6 4.Nf3 Nxe4 5.d4 d5 6.Bd3 Bd6 7.O-O O-O 8.c4 c6
9.Re1 Re8 10.Nbd2 Bf5 11.c5 Bc7 12.Qc2 Nxd2 13.Bxd2 Bxd3 14.Qxd3 Nd7 15.b4
Nf8 16.b5 Qd7 17.a4 Rxe1+ 18.Rxe1 Ne6 19.Rb1 f6 20.g3 Bd8 21.bxc6 Qxc6 22.
Qb5 Qxb5 23.Rxb5 b6 24.cxb6 axb6 25.Rxd5 Rxa4 26.Rd7 Kf8 27.d5 Nd4 28.Nxd4
Rxd4 29.Bf4 Ke8 30.Rxg7 Rxd5 31.Rxh7 b5 32.Rb7 Be7 33.h4 Kf7 34.h5 Ke6 35.
h6 b4 36.Rb8 Rh5 37.Kg2 Kf7 38.Rb7 Ke6 39.g4 Rh4 40.f3 Bf8 41.Rb8 Kf7 42.
Rd8 Be7 43.Rd7 Ke6 44.Rd1 Kf7 45.Kg3 f5 1-0

[Event "20th Reykjavik op"]
[Site "Reykjavik ISL"]
[Date "2002.03.11"]
[Round "5"]
[White "Thompson, Ian"]
[Black "Boricsev, Oleg"]
[Result "0-1"]
[WhiteElo "2209"]
[BlackElo "2333"]
[EventDate "2002.03.07"]
[PlyCount "88"]

1.c4 f5 2.Nc3 Nf6 3.d4 g6 4.Bg5 Bg7 5.Qd2 c5 6.d5 d6 7.Bh6 O-O 8.Bxg7 Kxg7
9.e3 Nbd7 10.Nf3 Ne5 11.Be2 a6 12.O-O Nxf3+ 13.Bxf3 Nd7 14.Be2 Qe8 15.f4 
Nf6 16.a3 Bd7 17.b4 b6 18.Rab1 Qc8 19.Bd3 cxb4 20.axb4 a5 21.bxa5 bxa5 22.
Qb2 Qc5 23.Qb6 Qxb6 24.Rxb6 Rfb8 25.Rxb8 Rxb8 26.Rb1 Ra8 27.h3 Kf7 28.Nb5 
Bxb5 29.cxb5 Nd7 30.b6 Rb8 31.Ra1 Rxb6 32.Rxa5 Rb3 33.Bb5 Nc5 34.Bc6 Rxe3 
35.Kf2 Rc3 36.Ra8 Ne4+ 37.Kg1 Rc1+ 38.Kh2 h5 39.Bd7 Nc5 40.Be8+ Kf6 41.Bc6
Rf1 42.Rg8 Kf7 43.Rh8 Rxf4 44.Rh7+ Kf8 0-1

[Event "20th Reykjavik op"]
[Site "Reykjavik ISL"]
[Date "2002.03.11"]
[Round "5"]
[White "Thorfinnsson, Bjoern"]
[Black "Ivanov, Mikhail M."]
[Result "0-1"]
[WhiteElo "2279"]
[BlackElo "2446"]
[EventDate "2002.03.07"]
[PlyCount "80"]

1.d4 d6 2.Nf3 Bg4 3.g3 Qc8 4.Qd3 c6 5.e4 g6 6.h3 Bd7 7.Be3 Bg7 8.Nbd2 Nf6 
9.c4 O-O 10.g4 b5 11.Rc1 bxc4 12.Nxc4 Qb7 13.b3 d5 14.exd5 cxd5 15.Nce5 
Ne4 16.Nxd7 Nxd7 17.Qb5 Rfb8 18.Qxb7 Rxb7 19.Ba6 Rb6 20.Bd3 Ndf6 21.Ke2 a5
22.Rc2 Nd6 23.Rhc1 a4 24.bxa4 Rxa4 25.Rc8+ Nxc8 26.Rxc8+ Bf8 27.Bh6 Nd7 
28.Bxf8 Rxa2+ 29.Ke3 Nxf8 30.Ne5 Rb7 31.Rd8 e6 32.g5 Rab2 33.Rc8 Rb8 34.
Rc1 Kg7 35.h4 R2b7 36.f4 Nd7 37.Nf3 Rb3 38.h5 gxh5 39.f5 exf5 40.Nh4 f4+ 
0-1

[Event "20th Reykjavik op"]
[Site "Reykjavik ISL"]
[Date "2002.03.11"]
[Round "5"]
[White "Thorsteinsson, Thorsteinn"]
[Black "Westerinen, Heikki"]
[Result "1/2-1/2"]
[WhiteElo "2332"]
[BlackElo "2412"]
[EventDate "2002.03.07"]
[PlyCount "33"]

1.c4 e5 2.Nc3 Nc6 3.g3 g6 4.Bg2 Bg7 5.d3 Nge7 6.Nf3 O-O 7.O-O Nd4 8.e3 
Nxf3+ 9.Qxf3 Rb8 10.Qe2 b6 11.Bd2 Bb7 12.Nd5 c6 13.Nxe7+ Qxe7 14.Bc3 d5 
15.b3 Rbd8 16.Rae1 Rfe8 17.e4 1/2-1/2

[Event "20th Reykjavik op"]
[Site "Reykjavik ISL"]
[Date "2002.03.12"]
[Round "6"]
[White "Arngrimsson, Dagur"]
[Black "Petursson, Gudni"]
[Result "1/2-1/2"]
[WhiteElo "2094"]
[BlackElo "2112"]
[EventDate "2002.03.07"]
[PlyCount "57"]

1.Nf3 Nf6 2.g3 d5 3.Bg2 Bf5 4.O-O e6 5.d3 Be7 6.Nbd2 O-O 7.Qe1 c5 8.e4 Bg6
9.Qe2 Nc6 10.c3 Rc8 11.Rd1 b5 12.Nf1 d4 13.h3 e5 14.Ne1 Nd7 15.g4 f6 16.f4
exf4 17.Bxf4 Nde5 18.Kh1 Bf7 19.cxd4 Nxd4 20.Qf2 Bd6 21.Ng3 Ng6 22.Bxd6 
Qxd6 23.Nh5 Rc7 24.b3 Ne6 25.Rac1 Rfc8 26.Nf3 Ngf4 27.Nxf4 Nxf4 28.Bf1 Bg6
29.Nh4 1/2-1/2

[Event "20th Reykjavik op"]
[Site "Reykjavik ISL"]
[Date "2002.03.12"]
[Round "6"]
[White "Asmundsson, Ingvar"]
[Black "Thorfinnsson, Bjoern"]
[Result "1-0"]
[WhiteElo "2347"]
[BlackElo "2279"]
[EventDate "2002.03.07"]
[PlyCount "109"]

1.e4 e5 2.Nf3 Nc6 3.Bb5 a6 4.Bxc6 dxc6 5.O-O Qd6 6.d3 Ne7 7.Be3 c5 8.Nbd2 
f6 9.Qe2 g5 10.Nc4 Qc6 11.Nfxe5 fxe5 12.Nxe5 Qe6 13.Qh5+ Ng6 14.f4 Bg7 15.
Qxg5 Bf6 16.Qh5 Bxe5 17.fxe5 Qg4 18.Qxg4 Bxg4 19.h3 Be6 20.Bxc5 Rg8 21.Rf6
Kd7 22.Raf1 Nxe5 23.Rh6 Rg7 24.Bd4 Rag8 25.g4 Nxg4 26.hxg4 Rxg4+ 27.Kh1 
Rg2 28.Rxh7+ Ke8 29.Rxc7 Re2 30.Rg1 Rxg1+ 31.Kxg1 Bxa2 32.Kf1 Rh2 33.Bg1 
Rd2 34.Be3 Rh2 35.Bf4 Rh4 36.Bg3 Rh1+ 37.Ke2 b5 38.b3 a5 39.Rc5 Bb1 40.Kd2
a4 41.bxa4 bxa4 42.Ra5 Rg1 43.Bf2 Rg2 44.Kc1 Bxc2 45.Kxc2 Rxf2+ 46.Kc3 Ra2
47.Kb4 Rd2 48.Kc4 Ra2 49.Kd5 Ra1 50.d4 a3 51.Ke6 Kd8 52.Kd6 Kc8 53.e5 a2 
54.d5 Kd8 55.Ra8# 1-0

[Event "20th Reykjavik op"]
[Site "Reykjavik ISL"]
[Date "2002.03.12"]
[Round "6"]
[White "Bergsson, Stefan"]
[Black "Halldorsson, Halldor"]
[Result "0-1"]
[WhiteElo "2021"]
[BlackElo "2149"]
[EventDate "2002.03.07"]
[PlyCount "124"]

1.d4 Nf6 2.c4 g6 3.Nc3 d5 4.Nf3 Bg7 5.Qb3 dxc4 6.Qxc4 O-O 7.e4 Na6 8.Be2 
c5 9.d5 e6 10.O-O exd5 11.exd5 Re8 12.Be3 Bf5 13.Rad1 Ne4 14.Nxe4 Rxe4 15.
Qc1 Nb4 16.a3 Nxd5 17.Bc4 Bd4 18.Nxd4 cxd4 19.Bg5 Qd6 20.f3 Re5 21.Rxd4 
Qb6 22.Qd2 Rae8 23.Kh1 Ne3 24.Bxe3 Rxe3 25.Rd6 Qc7 26.b3 Qe7 27.h3 Rc8 28.
Rd1 Qe5 29.Qd4 b5 30.Qxe5 Rxe5 31.Rd8+ Rxd8 32.Rxd8+ Kg7 33.Bf1 Re1 34.Kg1
Ra1 35.b4 a6 36.Kf2 Rxa3 37.Ra8 Ra2+ 38.Kg3 Be6 39.Bd3 Kf6 40.Be4 h5 41.h4
Ke5 42.Bb7 Kd4 43.Rxa6 Rxa6 44.Bxa6 Kc4 45.Kf4 Kxb4 46.g4 Bd5 47.Kg3 Ka5 
48.Bc8 Be6 49.Bb7 f5 50.gxh5 gxh5 51.Kf2 b4 52.Ke2 b3 53.Kd2 Kb4 54.Ba6 
Ka3 55.Bd3 Ka2 56.Ke3 b2 57.Kf4 Kb3 58.Kg5 Kc3 59.Bb1 Bb3 60.Kxh5 Bc2 61.
Ba2 Kb4 62.Kg5 Ka3 0-1

[Event "20th Reykjavik op"]
[Site "Reykjavik ISL"]
[Date "2002.03.12"]
[Round "6"]
[White "Berkes, Ferenc"]
[Black "Berg, Emanuel"]
[Result "1/2-1/2"]
[WhiteElo "2522"]
[BlackElo "2500"]
[EventDate "2002.03.07"]
[PlyCount "71"]

1.c4 f5 2.g3 Nf6 3.Bg2 d6 4.Nc3 g6 5.d3 Bg7 6.e4 Nc6 7.Nge2 O-O 8.O-O e5 
9.f3 h6 10.Be3 g5 11.exf5 Bxf5 12.d4 Qd7 13.Qd2 Kh7 14.Rac1 a5 15.b3 exd4 
16.Nxd4 Nxd4 17.Bxd4 Rae8 18.Rce1 b6 19.Kh1 Rxe1 20.Rxe1 Re8 21.Rxe8 Qxe8 
22.Bf1 Qe6 23.Bd3 Nd7 24.Qe3 Kg8 25.Bxf5 Qxf5 26.Bxg7 Kxg7 27.Ne4 Qe5 28.
f4 gxf4 29.gxf4 Qa1+ 30.Kg2 Qxa2+ 31.Kh3 Qa1 32.Nxd6 Qf1+ 33.Kg3 cxd6 34.
Qe7+ Kg6 35.Qe8+ Kf6 36.Qd8+ 1/2-1/2

[Event "20th Reykjavik op"]
[Site "Reykjavik ISL"]
[Date "2002.03.12"]
[Round "6"]
[White "Bjarnason, Saevar"]
[Black "Schmied, Andreas"]
[Result "0-1"]
[WhiteElo "2256"]
[BlackElo "2142"]
[EventDate "2002.03.07"]
[PlyCount "84"]

1.e4 c5 2.Nf3 Nc6 3.d4 cxd4 4.Nxd4 g6 5.Nc3 Bg7 6.Be3 Nf6 7.Bc4 Qa5 8.Nb3 
Qb4 9.Nd2 Qxb2 10.Na4 Qe5 11.Rb1 O-O 12.O-O Qc7 13.h3 b6 14.f4 d6 15.Nc3 
Bb7 16.Bd3 Nd7 17.Nd5 Qd8 18.f5 Nce5 19.Bg5 f6 20.Be3 Bxd5 21.exd5 Nxd3 
22.cxd3 gxf5 23.Rxf5 Qe8 24.Ne4 e6 25.Rf3 Ne5 26.Rg3 Rd8 27.Bh6 Ng6 28.
Bxg7 Kxg7 29.Qb3 exd5 30.Qxd5 Qe5 31.Rb5 Kh8 32.Rf3 Nf4 33.Qb3 d5 34.Ng3 
Rg8 35.Qb2 Rxg3 36.Qxe5 Rxg2+ 37.Kf1 fxe5 38.Rxf4 Rxa2 39.Rf5 e4 40.Rbxd5 
Rxd5 41.Rxd5 exd3 42.Rxd3 Kg7 0-1

[Event "20th Reykjavik op"]
[Site "Reykjavik ISL"]
[Date "2002.03.12"]
[Round "6"]
[White "Brodsky, Mikhail"]
[Black "Holmsten, Aleksei"]
[Result "1/2-1/2"]
[WhiteElo "2542"]
[BlackElo "2420"]
[EventDate "2002.03.07"]
[PlyCount "67"]

1.e4 c5 2.Nf3 e6 3.c4 Nc6 4.Nc3 e5 5.Be2 Bd6 6.d3 Nge7 7.a3 O-O 8.O-O Nd4 
9.Rb1 Nec6 10.Nd5 a5 11.Nxd4 Nxd4 12.Be3 b6 13.Bg4 Bb7 14.Nc3 Be7 15.f4 f5
16.exf5 Nxf5 17.Bxf5 Rxf5 18.Qg4 g6 19.fxe5 Rxe5 20.Bf4 Rh5 21.Ne4 Bxe4 
22.dxe4 Bf6 23.Bd6 Bd4+ 24.Kh1 Be5 25.Bxe5 Rxe5 26.Rf4 Qe7 27.Rbf1 Re8 28.
Qf3 Rxe4 29.Rxe4 Qxe4 30.Qf7+ Kh8 31.Qf6+ Kg8 32.Qf7+ Kh8 33.Qf6+ Kg8 34.
Qf7+ 1/2-1/2

[Event "20th Reykjavik op"]
[Site "Reykjavik ISL"]
[Date "2002.03.12"]
[Round "6"]
[White "Einarsson, Einar Kristinn"]
[Black "Thompson, Ian"]
[Result "0-1"]
[WhiteElo "2107"]
[BlackElo "2209"]
[EventDate "2002.03.07"]
[PlyCount "74"]

1.b3 d5 2.Bb2 Nf6 3.f4 g6 4.e3 Bg7 5.Nf3 c5 6.Bb5+ Nbd7 7.O-O O-O 8.Bxd7 
Bxd7 9.d3 b5 10.Nbd2 Rc8 11.e4 c4 12.Bxf6 Bxf6 13.e5 Bg7 14.bxc4 bxc4 15.
d4 Qa5 16.Qe2 Qc3 17.Rfb1 Rb8 18.Nf1 Bg4 19.Qd2 Qa3 20.Qe3 Qa4 21.Qc3 Bxf3
22.gxf3 Bh6 23.Ne3 e6 24.Ng4 Bxf4 25.Nf6+ Kg7 26.h4 Rxb1+ 27.Rxb1 Qxa2 28.
Rb7 Qa6 29.Rb4 Qa5 30.Qb2 c3 31.Qxc3 Rb8 32.Rb3 Qxc3 33.Rxc3 a5 34.Kf2 a4 
35.Nd7 Rb4 36.Rc8 Rxd4 37.Nf6 Bxe5 0-1

[Event "20th Reykjavik op"]
[Site "Reykjavik ISL"]
[Date "2002.03.12"]
[Round "6"]
[White "Fridjonsson, Julius"]
[Black "Kjartansson, Gudmundur"]
[Result "1/2-1/2"]
[WhiteElo "2200"]
[BlackElo "2060"]
[EventDate "2002.03.07"]
[PlyCount "97"]

1.c4 e5 2.g3 g6 3.Bg2 Bg7 4.Nc3 Nc6 5.Rb1 d6 6.b4 Bf5 7.d3 Qd7 8.b5 Nd8 9.
Nd5 c6 10.Ne3 Be6 11.Nf3 h6 12.O-O Ne7 13.bxc6 bxc6 14.d4 e4 15.d5 exf3 
16.dxe6 Nxe6 17.Bxf3 O-O 18.Ba3 Nd4 19.Bg4 f5 20.Bh3 Rab8 21.Qd3 c5 22.Nc2
Qc7 23.Nxd4 Bxd4 24.e3 Bg7 25.Rfd1 Rxb1 26.Rxb1 Rb8 27.Rd1 Rb6 28.Bg2 Ra6 
29.Rb1 Rb6 30.Rb3 Rxb3 31.axb3 Be5 32.f4 Bf6 33.b4 Kg7 34.b5 Qa5 35.h3 
Qe1+ 36.Kh2 h5 37.h4 Qc3 38.Bf1 Ng8 39.Kg2 Nh6 40.Qxc3 Bxc3 41.Bd3 Kf6 42.
Bc1 Ke6 43.Kf3 Ng4 44.e4 Nf6 45.Be3 Nxe4 46.Bxe4 fxe4+ 47.Kxe4 Be1 48.Kf3 
Kf5 49.Bg1 1/2-1/2

[Event "20th Reykjavik op"]
[Site "Reykjavik ISL"]
[Date "2002.03.12"]
[Round "6"]
[White "Gunnarsson, Arnar"]
[Black "Lobron, Eric"]
[Result "1/2-1/2"]
[WhiteElo "2322"]
[BlackElo "2517"]
[EventDate "2002.03.07"]
[PlyCount "85"]

1.c4 e5 2.Nc3 Nf6 3.Nf3 Nc6 4.e3 Be7 5.d4 exd4 6.Nxd4 O-O 7.Nxc6 bxc6 8.b3
Bb4 9.Bd2 Qe7 10.Bd3 d5 11.O-O Rd8 12.cxd5 cxd5 13.Nb5 Bxd2 14.Qxd2 c5 15.
Qa5 Bb7 16.Rac1 Rdc8 17.Nc3 g6 18.Na4 c4 19.Be2 d4 20.Bxc4 Ng4 21.exd4 Qd6
22.g3 Qxd4 23.Qc3 Qe4 24.f3 Qe3+ 25.Qxe3 Nxe3 26.Rf2 Rc7 27.Nb2 Rd8 28.Re1
Nxc4 29.Nxc4 h5 30.h4 Rd3 31.Kg2 Kg7 32.Re3 Rxe3 33.Nxe3 Rc3 34.Re2 a5 35.
Kf2 a4 36.Rc2 Rd3 37.Rb2 Ba6 38.bxa4 Ra3 39.g4 hxg4 40.fxg4 Rxa4 41.h5 Bc8
42.hxg6 Kxg6 43.Kg3 1/2-1/2